Normal view
MARC view
- Freestone,Barry
Entry Personal Name
001 - CONTROL NUMBER
- control field: 121152
003 - CONTROL NUMBER IDENTIFIER
- control field: NUST
005 - DATE AND TIME OF LATEST TRANSACTION
- control field: 20240222162741.0
008 - FIXED-LENGTH DATA ELEMENTS
- fixed length control field: 240222|| aca||aabn | a|a d
040 ## - CATALOGING SOURCE
- Original cataloging agency: NUST
- Transcribing agency: NUST
100 ## - HEADING--PERSONAL NAME
- Personal name: Freestone,Barry
670 ## - SOURCE DATA FOUND
- Source citation: Work cat.: (NUST): Gear, Alan D. 121045, Art nouveau glass painting/, 2007.
